Cities in a Tabulation - Statistics

General Stats
  • This quiz has been taken 425 times
    414 since last reset
  • The average score is 22 of 32
Answer Stats
Answer % Correct
Netherlands
97%
Delhi
93%
Rotterdam
89%
Argentina
86%
Brussels
86%
Buenos Aires
85%
Italy
81%
Paris
80%
Singapore
79%
Singapore
79%
Islamabad
78%
Moscow
78%
Mexico City
74%
Jakarta
73%
Jakarta
71%
Los Angeles
70%
(multiple)
70%
Luanda
67%
Naples
67%
Rome
63%
Karachi
62%
Canberra
60%
Kuala Lumpur
60%
San Francisco
59%
Sydney
59%
Kinshasa
54%
Istanbul
48%
Lagos
48%
Guangzhou
44%
Milan
44%
Hanoi
37%
Chongqing
31%
No matching quizzes found
Score Distribution
Percent of People with Each Score
Percentile by Number Answered
Your Score History
You have not taken this quiz since the last reset